000 nam a22 7a 4500
999 _c10475
_d10475
008 180217b ||||| |||| 00| 0 eng d
100 _aSinghal, J P
_96396
245 _amap work in social science - IX
260 _aNew delhi
_bHoly faith publication
_c2013